00423 2200181 4500001002100000005001500021008004100036035002500077041000800102082000800110090000800118100001300126245002600139250001600165260002700181300002300208650001000231INLIS00000000000153820130515121841 ind  a0010-051300000001538 aind aFik aFik aLa, Rose aKerinduan Tak Bertepi aCetakan : 1 aJakartabGultom Agency a196 hlm. ;17,5 cm. aFiksi